Statistics for Every NASCAR Winner

Click here to take the quiz!

General Stats

  • This quiz has been taken 21 times
  • The average score is 84 of 204

Answer Stats

Number of WinsDate of Last WinYear(s) ActiveAnswer% Correct
24/29/19621956-1969, 1972-1973Bobby Johns
100%
7610/15/20001975-2001Dale Earnhardt
100%
2611/15/20151999-2017Dale Earnhardt Jr
100%
836/4/20172001-2020, 2023-Jimmie Johnson
100%
26/19/19601956-1962Joe Lee Johnson
100%
5010/3/19651953-1966Junior Johnson
100%
345/15/20222000-2022Kurt Busch
100%
636/4/20232003-Kyle Busch
100%
86/4/19951979-2008Kyle Petty
100%
5411/20/19601949-1964Lee Petty
100%
2007/4/19841958-1992Richard Petty
100%
354/25/20212008-Brad Keselowski
93%
29/11/20222017-Bubba Wallace
93%
8310/6/19851957, 1959-1988Cale Yarborough
93%
9311/1/151992-2016Jeff Gordon
93%
38/10/20031991, 1993-1994, 1996-1998, 2000-2012Robby Gordon
93%
556/6/20041980-2005Rusty Wallace
93%
849/6/19921972-2000Darrell Waltrip
87%
544/28/20242005-Denny Hamlin
87%
323/19/20232008-Joey Logano
87%
608/14/20222001-2023Kevin Harvick
87%
49/28/20031985-2017Michael Waltrip
87%
29/25/19491949-1951Red Byron
87%
134/7/20242018-William Byron
87%
310/8/20232006-2018, 2021-AJ Allmendinger
80%
12/20/20222021-Austin Cindric
80%
4411/9/20031975-2012Bill Elliott
80%
194/14/20242015-Chase Elliott
80%
73/10/20242020-Christopher Bell
80%
1054/13/19801960-1986David Pearson
80%
255/5/20242013-Kyle Larson
80%
347/17/20232004-Martin Truex Jr
80%
496/26/20161999-2016Tony Stewart
80%
842/14/19881961, 1965-1988Bobby Allison
73%
2111/16/20031991, 1993-2016Bobby Labonte
73%
2811/6/20162004-2016Carl Edwards
73%
58/26/20232015-Chris Buescher
73%
22/25/20242017-Daniel Suarez
73%
193/7/19931985-1993Davey Allison
73%
1011/5/19781966-1983, 1986-1988Donnie Allison
73%
39/4/20222015, 2017-Erik Jones
73%
217/13/19621949-1952, 1954-1964Jack Smith
73%
187/23/20172004-2018Kasey Kahne
73%
3911/12/20171998-2018, 2020Matt Kenseth
73%
28/13/20232008-Michael McDowell
73%
41/22/19671956-1960, 1963-1965, 1967-1970Parnelli Jones
73%
15/7/20112007-2018Regan Smith
73%
1010/29/20232014-Ryan Blaney
73%
228/31/20031978-2014Terry Labonte
73%
73/6/20222014-2016, 2018-Alex Bowman
67%
48/28/20222011-Austin Dillon
67%
213/18/19841964, 1969-1988Benny Parsons
67%
2110/11/20081993-2014Jeff Burton
67%
409/20/20091981-1983, 1986-2013Mark Martin
67%
15/1/19881983-1995, 1997-1998Phil Parsons
67%
32/19/20232011-Ricky Stenhouse Jr
67%
411/5/20232017-Ross Chastain
67%
64/21/20242019-Tyler Reddick
67%
57/21/20021994-2004, 2006-2007Ward Burton
67%
37/18/20212007-2010, 2012-2023Aric Almirola
60%
106/10/20182005-2020Clint Bowyer
60%
24/18/19991993-2005, 2007-2010John Andretti
60%
28/8/20102006-2014Juan Pablo Montoya
60%
12/26/19671966-1969Mario Andretti
60%
183/19/20172000-2021, 2023Ryan Newman
60%
17/2/20232023Shane Van Gisbergen
60%
37/14/20132003-2016Brian Vickers
53%
3210/2/20051984, 1986-2008Dale Jarrett
53%
410/10/20041993-2015, 2019Joe Nemechek
53%
17/7/20192019-Justin Haley
53%
5011/7/19651953-1957, 1959-1966Ned Jarrett
53%
103/17/20021976, 1978-2009Sterling Marlin
53%
373/12/19721961, 1963-1976Bobby Isaac
47%
48/17/19521949-1952, 1954-1956Bob Flock
47%
14/22/19901986-2003Brett Bodine
47%
469/7/19641949-1973, 1976Buck Baker
47%
197/4/19831959-1988, 1990-1994Buddy Baker
47%
13/13/20222021-Chase Briscoe
47%
25/5/20132006-2022, 2024David Ragan
47%
39/5/20041997-2010, 2012-2013, 2017Elliot Sadler
47%
1911/20/19551949-1957Fonty Flock
47%
188/11/19961979, 1981-2005, 2009-2011Geoffrey Bodine
47%
196/16/20132002-2016, 2022Greg Biffle
47%
19/18/19491949-1951Jack White
47%
710/20/20132002-2019, 2021Jamie McMurray
47%
28/12/20122007-2014Marcos Ambrose
47%
2810/28/19621956-1964Rex White
47%
236/23/20021975-2007Ricky Rudd
47%
398/12/19561949-1961Tim Flock
47%
12/20/20112010-2018Trevor Bayne
47%
73/5/19721963-1990, 1992-1997AJ Foyt
40%
56/14/19921985-1993Alan Kulwicki
40%
17/12/20202018, 2020-2023Cole Custer
40%
1710/31/19651949-1961, 1965-1968Curtis Turner
40%
156/15/19971987-1999Ernie Irvan
40%
3311/17/19631950-1964Fireball Roberts
40%
58/21/20051993-2009Jeremy Mayfield
40%
46/2/19911984-2008, 2010-2013Ken Schrader
40%
22/26/20011997-2004, 2010-2011Steve Park
40%
138/21/19871980-1987Tim Richmond
40%
15/30/19501949-1953Bill Rexford
33%
15/27/20072003-2016, 2019Casey Mears
33%
27/10/20102003, 2005, 2007-2014David Reutimann
33%
111/16/19521950-1956Donald Thomas
33%
188/16/19921973-1994Harry Gant
33%
486/3/19561949-1957, 1962Herb Thomas
33%
111/20/20001997-2003Jerry Nadeau
33%
13/27/19881979-1998Lake Speed
33%
1410/11/19701960, 1962-1973LeeRoy Yarbrough
33%
43/20/19931970, 1977-1979, 1981-2006, 2013-2014Morgan Shepherd
33%
183/6/19881973-1990, 1993-1994Neil Bonnett
33%
23/16/20031991, 1995-2004Ricky Craven
33%
44/22/20011989-2002, 2005Bobby Hamilton
27%
51/21/19681962-1970, 1980Dan Gurney
27%
52/21/19821968-2002Dave Marcis
27%
26/3/19901982, 1984-2011, 2017-2018, 2021Derrike Cope
27%
19/24/19741973-1976, 1978Earl Ross
27%
262/24/19671956, 1960-1967, 1970-1972Fred Lorenzen
27%
27/24/19941989-2006Jimmy Spencer
27%
2510/27/19631951-1952, 1954-1964Joe Weatherly
27%
111/3/20021996-2005, 2007-2008Johnny Benson Jr
27%
175/22/19661951, 1953-1966Marvin Panch
27%
42/11/19711968-1973Pete Hamilton
27%
511/21/19711955-1973, 1975Tiny Lund
27%
112/1/19631961-1973Wendell Scott
27%
14/28/19571954, 1956-1958, 1960-1961, 1963Art Watts
20%
137/10/19541951-1955Dick Rathmann
20%
47/13/19631953-1961, 1963-1964Glen Wood
20%
11/21/19731972-1973Mark Donohue
20%
110/12/19511950-1953Neil Cole
20%
19/14/19691968-1970, 1979, 1982, 1995Richard Brickhouse
20%
2010/23/19601950-1962, 1971Speedy Thompson
20%
18/12/19511950-1956, 1959Tommy Thompson
20%
32/15/19531949-1958Bill Blair
13%
28/22/19561951-1952, 1955-1958Billy Myers
13%
17/27/19861982-1997, 2000Bobby Hillin Jr
13%
98/16/19591952-1964Bob Welborn
13%
111/20/19551955-1956Chuck Stevenson
13%
99/14/19641950-1964Cotton Owens
13%
148/6/19671964-1967Dick Hutcherson
13%
14/5/19531952-1953Dick Passwater
13%
49/10/19611957-1961, 1963-1966Eddie Gray
13%
17/4/19851983-1998, 2000, 2004-2006Greg Sacks
13%
12/5/19501950-1951, 1955-1956, 1965Harold Kite
13%
28/6/19721964, 1966-1983, 1985-1995, 2007, 2009James Hylton
13%
19/11/19601951-1961, 1963-1970Jim Cook
13%
256/27/19671949-1968, 1970-1972Jim Paschal
13%
79/7/19591951-1963Jim Reed
13%
16/19/19491949Jim Roper
13%
19/4/19501950-1951, 1955-1956Johnny Mantz
13%
12/22/19631963-1966, 1971-1977, 1981, 1988Johnny Rutherford
13%
19/3/19621956-1966Larry Frank
13%
18/6/19781969-1970, 1973-1985, 1988-1989Lennie Pond
13%
19/24/19501950-1952Leon Sales
13%
110/15/19501949-1952, 1955Lloyd Moore
13%
97/24/19661956-1958, 1961-1964, 1966-1969Paul Goldsmith
13%
17/28/19661960-1969Paul Lewis
13%
17/31/20112003, 2005-2019Paul Menard
13%
18/2/19811981-1987Ron Bouchard
13%
26/13/19541949-1950, 1952-1954, 1956Al Keller
7%
16/22/19571954-1957, 1961-1965Bill Amick
7%
111/11/19511951, 1953Bill Norton
7%
47/19/19641962-1964Billy Wade
7%
13/26/19611959-1962Bob Burdick
7%
17/1/19521951-1953, 1955Buddy Shuman
7%
47/11/19711960-1061, 1967-1976, 1981, 1988-1990, 1992, 1994Charlie Glotzbach
7%
19/8/19571957-1958Danny Graves
7%
25/15/19551951, 1954-1957, 1959, 1961, 1963Danny Letner
7%
110/28/19511951, 1958-1961, 1963-1964Danny Weinberg
7%
74/16/19671957-1958, 1961-1969, 1975-1976Darel Dieringer
7%
18/12/19731969-1985Dick Brooks
7%
310/1/19501949-1951, 1953, 1956Dick Linder
7%
12/25/19661959, 1964-1968Earl Balmer
7%
47/14/19571954-1959, 1961-1963Eddie Pagan
7%
27/7/19661954-1979, 1981Elmo Langley
7%
26/17/19611956-1958, 1960-1963Emanuel Zervakis
7%
14/25/19581949-1953,1957-1958Frankie Schneider
7%
311/25/19511949-1952, 1956Frank Mundy
7%
24/25/19541949-1955, 1958-1959Gober Sosebee
7%
39/15/19571951-1958Gwyn Staley
7%
410/24/19541950-1954, 1971-1994Hershel McGriff
7%
13/27/19661957, 1963-1964, 1966-1972, 1974-1980Jim Hurtubise
7%
16/25/19501950-1952, 1954Jimmy Florian
7%
27/11/19631955-1956, 1959-1964Jimmy Pardue
7%
15/17/19811973-1975, 1977, 1979-1986Jody Ridley
7%
19/28/19581950-1961Joe Eubanks
7%
16/24/19561954-1957, 1975-1978John Kieper
7%
16/16/19621955-1967Johnny Allen
7%
28/7/19601953, 1957, 1959-1961Johnny Beauchamp
7%
14/3/19601960, 1963John Rostek
7%
15/30/19541951, 1954-1955, 1978John Soares
7%
45/21/19611951, 1954-1961, 1963-1964Lloyd Dane
7%
16/30/19511951, 1954Lou Figaro
7%
73/6/19521949-1952Marshall Teague
7%
110/14/19511951Marvin Burke
7%
26/12/19601957-1961, 1963-1964, 1967Marvin Porter
7%
49/23/19621952, 1961-1965Nelson Stacy
7%
110/16/19551955, 1966-1968Norm Nelson
7%
53/17/19571956-1957, 1959, 1962Ralph Moody
7%
26/18/19721967-1978Ray Elder
7%
18/26/19561955-1957Royce Haggerty
7%
17/4/19661962, 1964-1969, 1974Sam McQuagg
7%
17/16/19581958-1960Shorty Rollins
7%
26/21/19591955-1957, 1959-1962, 1965-1968Tom Pistone
7%

Score Distribution

Percentile by Number Answered

Percent of People with Each Score

Your Score History

You have not taken this quiz